书目信息 |
| 题名: |
羽毛球运动技术图解
|
|
| 作者: | 汤仙虎 编著 | |
| 分册: | ||
| 出版信息: | 北京 人民体育出版社 1988.5 |
|
| 页数: | 127页 | |
| 开本: | 26厘米 | |
| 丛书名: | ||
| 单 册: | ||
| 中图分类: | G847.1 | |
| 科图分类: | ||
| 主题词: | 羽毛球运动 | |
| 电子资源: | ||
| ISBN: | 7-5009-0182-8 | |
| 000 | 00722nam0 2200229 45 | |
| 001 | 0189007390 | |
| 005 | 20070725094223.07 | |
| 010 | @a7-5009-0182-8@dCNY4.90 | |
| 020 | @aCN@b89007390 | |
| 100 | @a19901121d1988 m y0chiy0120 ea | |
| 101 | 0 | @achi |
| 102 | @aCN@b110000 | |
| 105 | @af z 000yy | |
| 200 | 10 | @a羽毛球运动技术图解@Ayu mao qiu yun dong ji shu tu jie@f汤仙虎等编著@Ftang xian hu deng bian zhu |
| 210 | @a北京@c人民体育出版社@d1988.5@h1993 | |
| 215 | @a127页@c图@d26厘米 | |
| 540 | 1 | @a羽毛球 运动 技术 图解@Ayu mao qiu yun dong ji shu tu jie |
| 606 | @a羽毛球运动 | |
| 690 | @aG847.1@v1980 | |
| 701 | 0 | @a汤仙虎@Atang xian hu@4编著 |
| 801 | 0 | @aCN@bTSSF@c20070725 |
| 905 | @a10447@dG847.1@e292 | |
| 羽毛球运动技术图解/汤仙虎等编著.-北京:人民体育出版社,1988.5(1993) |
| 127页:图;26厘米 |
| ISBN 7-5009-0182-8:CNY4.90 |
| ● |
| 相关链接 |
|
|
|
|
正题名:羽毛球运动技术图解
索取号:G847.1/292
 
预约/预借
| 序号 | 登录号 | 条形码 | 馆藏地/架位号 | 状态 | 备注 |
| 1 | 0770251 | 207702510 | 第一样本阅览室/ [索取号:G847.1/292] | 在馆 |